000
00317nam a22001337a 4500
999
_c
13604
_d
13604
020
_a
978-1-009-09817-5
082
_a
006.3
_b
HUN
100
_a
Robert Hundt
245
_a
Quantum Computing for Programmers
260
_a
UK
_b
Cambridge University
_c
2022
300
_a
360 Pages
650
_a
Programming,
942
_c
BK